MARC

Tag First Indicator Second Indicator Subfields
LEADER 00000pam a2200000 a 4500
001 in00000092568
005 20191012063402.0
008 810305s1981 dcua b 00100deng
010 |a  81002283  
020 |a 0871871726 :  |c $7.25 
035 |a (OCoLC)07277379 
035 |9 AAK3869AM 
039 0 |a 2  |b 3  |c 3  |d 3  |e 3 
040 |a DLC  |c DLC  |d TXA  |d UtOrBLW 
043 |a n-us--- 
049 |a TXAM  
050 0 0 |a E877  |b .P73 
082 0 |a 973.927/092/4  |2 19 
245 0 0 |a President Reagan. 
264 1 |a Washington, D.C. :  |b Congressional Quarterly,  |c [1981] 
264 4 |c ©1981 
300 |a 123 pages :  |b illustrations ;  |c 28 cm. 
336 |a text  |b txt  |2 rdacontent 
337 |a unmediated  |b n  |2 rdamedia 
338 |a volume  |b nc  |2 rdacarrier 
500 |a Includes index. 
504 |a Bibliography: pages 119-120. 
600 1 0 |a Reagan, Ronald. 
600 1 0 |a Bush, George,  |d 1924-2018. 
650 0 |a Cabinet officers  |z United States  |v Biography. 
650 0 |a Presidents  |z United States  |x Election  |y 1980. 
651 0 |a United States  |x Politics and government  |y 1981-1989. 
651 0 |a United States  |x Politics and government  |y 1977-1981. 
710 2 |a Congressional Quarterly, inc. 
999 |a MARS 
999 f f |s 69dbb25e-1ecb-38b9-8257-8362eac05eac  |i 640303c6-a930-3cc8-8823-a65b6a41583a  |t 0 
952 f f |p ric  |a Texas A&M University  |b Rellis Campus  |c Joint Library Facility  |d Remote Storage  |t 0  |e E877 .P73  |h Library of Congress classification  |i unmediated -- volume  |m A14806108780 
998 f f |a E877 .P73  |t 0  |l Remote Storage